Riconosci lo Stato - Quiz n°45 - Statistics

Statistiche generali
  • Questo quiz è stato fatto 44 volte
  • Il punteggio medio è 11 su 13
Statistiche sulle risposte
Indizio Risposta % Corretto
Iniziale della Capitale V
97%
Principe Giovanni Adamo II
Reggente:
Luigi
95%
Valuta Franco
92%
Fuso Orario UTC+1
89%
Indipendenza 24 agosto 1806 dal Sacro Romano Impero
86%
Superficie 160 km²
84%
Forma di Governo Monarchia costituzionale
84%
Popolazione 37 500 ab.
78%
PIL (nominale) 5 113 milioni di $
78%
Tasso di crescita 0.82%
76%
ISU 0,908
76%
Primo ministro Daniel Risch
73%
Risposta Liechtenstein
73%
Nessun quiz corrispondente trovato
Distribuzione punteggi
Percentuale di utenti per punteggio
Percentile per numero di risposta
I tuoi punteggi nel tempo
Non hai fatto questo quiz